[Event "HEM 2006 M"]
[Site "Marburg"]
[Date "2006.04.11"]
[Round "4.2"]
[White "Koller, Jens"]
[Black "Lisanti, Andre"]
[Result "1-0"]
[WhiteElo "2257"]
[BlackElo "2295"]
[PlyCount "91"]
[EventDate "2006.04.08"]
[EventType "swiss"]
[EventCountry "GER"]

1. e4 c5 2. Nf3 d6 3. d4 cxd4 4. Nxd4 Nf6 5. Nc3 Nc6 6. Bg5 e6 7. Qd2 h6 8.
Bxf6 gxf6 9. O-O-O a6 10. Bc4 Qb6 11. Nb3 Qc7 12. Be2 h5 13. Kb1 b5 14. a3 Rb8
15. f4 b4 16. axb4 Nxb4 17. f5 Qb6 18. Bc4 Bd7 19. Rhf1 Be7 20. fxe6 fxe6 21.
Qd4 Qc7 22. Rxf6 Nc6 23. Qf2 Nd8 24. Bxa6 Qb6 25. Be2 Bxf6 26. Qxf6 Rh7 27.
Bxh5+ Rxh5 28. Qg6+ Nf7 29. Qxh5 Qf2 30. Qf3 Qh4 31. Rf1 Qh7 32. Qf6 Qg8 33.
Rf3 Rb7 34. Rg3 Qf8 35. Nd4 Ne5 36. Qxf8+ Kxf8 37. b3 Kf7 38. h4 Kf6 39. Rg8
Nf7 40. g4 Ke5 41. Nf3+ Kf4 42. Rf8 Kxf3 43. g5 Kg4 44. Rxf7 Kh5 45. Ne2 e5 46.
Rh7+ 1-0

[Event "HEM 2006 M"]
[Site "Marburg"]
[Date "2006.04.11"]
[Round "4.3"]
[White "Alber, Horst"]
[Black "Geske, Julian"]
[Result "1/2-1/2"]
[WhiteElo "2394"]
[BlackElo "2140"]
[PlyCount "87"]
[EventDate "2006.04.08"]
[EventType "swiss"]
[EventCountry "GER"]

1. d4 Nf6 2. c4 g6 3. Nc3 Bg7 4. e4 d6 5. Nf3 O-O 6. Be2 e5 7. O-O Nc6 8. d5
Ne7 9. b4 Nh5 10. Re1 f5 11. Bf1 Nf6 12. Ng5 h6 13. Ne6 Bxe6 14. dxe6 fxe4 15.
b5 a6 16. bxa6 bxa6 17. Rb1 Nf5 18. Nxe4 Nd4 19. Nc3 Nxe6 20. Bd3 g5 21. Ne4
Kh8 22. Ng3 Nf4 23. Nf5 Qd7 24. Nxg7 Qxg7 25. Bf1 Qd7 26. Qc2 Ng4 27. f3 Nf6
28. Bxf4 gxf4 29. Qg6 Qg7 30. Qxg7+ Kxg7 31. Rb7 Rfc8 32. c5 Ne8 33. Re4 Kf6
34. Ra4 dxc5 35. Rb2 Rd8 36. g3 fxg3 37. hxg3 Nd6 38. Rh2 Rh8 39. Rxa6 Rxa6 40.
Bxa6 c4 41. Rc2 Ra8 42. Bxc4 Nxc4 43. Rxc4 Rxa2 44. Rxc7 1/2-1/2

[Event "HEM 2006 M"]
[Site "Marburg"]
[Date "2006.04.11"]
[Round "4.4"]
[White "Malek, Daniel"]
[Black "Kuhn, Ulf"]
[Result "0-1"]
[WhiteElo "2322"]
[BlackElo "2123"]
[PlyCount "146"]
[EventDate "2006.04.08"]
[EventType "swiss"]
[EventCountry "GER"]

1. e4 g6 2. d4 Bg7 3. c4 b6 4. Nc3 Bb7 5. Nf3 e6 6. Be2 Ne7 7. O-O d5 8. cxd5
exd5 9. e5 O-O 10. Bf4 c6 11. Qd2 Re8 12. Bg5 Nd7 13. Rfe1 Nf8 14. b4 Ne6 15.
Bh6 Bh8 16. Ng5 Nxd4 17. Qxd4 Nf5 18. Qd2 Nxh6 19. f4 f6 20. Nf3 Nf7 21. exf6
Qxf6 22. Rac1 Re7 23. Red1 Rae8 24. Bf1 Re3 25. Ne2 g5 26. fxg5 Nxg5 27. Nxg5
Qxg5 28. Nd4 Bxd4 29. Qxd4 R8e4 30. Qd2 Qg4 31. Qf2 Qf4 32. Qd2 Rxb4 33. g3 Qe4
34. Bg2 Qe7 35. Rf1 Re2 36. Rfe1 Re5 37. Rxe5 Qxe5 38. Re1 Qd4+ 39. Qxd4 Rxd4
40. Re7 Ba6 41. Rxa7 Rd1+ 42. Kf2 Rd2+ 43. Kf3 Rxa2 44. Rd7 Bd3 45. Bh3 Rxh2
46. Be6+ Kf8 47. Rc7 Rh6 48. Rxc6 Ke7 49. Bxd5 Rxc6 50. Bxc6 Kd6 51. Be8 Kc5
52. Ke3 Bg6 53. Ba4 Kd5 54. Kd2 Kc4 55. Bd7 b5 56. Kc1 Bd3 57. Kb2 Kd4 58. g4
Ke5 59. Kc3 Bc4 60. Be8 Kf4 61. Bd7 Be2 62. Kd2 Bf1 63. Kc3 Bc4 64. Kd2 b4 65.
Kc2 Ke5 66. Be8 Be6 67. Kb2 Kf4 68. Bh5 Bxg4 69. Bf7 Bd1 70. Be8 b3 71. Kc1 Bc2
72. Kd2 Kg5 73. Ba4 h5 0-1

[Event "HEM 2006 M"]
[Site "Marburg"]
[Date "2006.04.11"]
[Round "4.5"]
[White "Bewersdorff, Oliver"]
[Black "Ortmann, David"]
[Result "1/2-1/2"]
[WhiteElo "2297"]
[BlackElo "2303"]
[PlyCount "95"]
[EventDate "2006.04.08"]
[EventType "swiss"]
[EventCountry "GER"]

1. e4 e6 2. d4 d5 3. Nd2 Be7 4. Ngf3 Nf6 5. e5 Nfd7 6. c3 c5 7. Be2 Nc6 8. O-O
a5 9. a4 cxd4 10. cxd4 Nb6 11. Nb1 Bd7 12. Nc3 Nb4 13. b3 Rc8 14. Bd2 O-O 15.
Rc1 Be8 16. Bf4 Nd7 17. Qd2 Nb8 18. h4 N8c6 19. Bg5 f6 20. exf6 Bxf6 21. Nb5 h6
22. Bf4 Bg6 23. Bd6 Be7 24. Bg3 Be4 25. Rfe1 Bxf3 26. Bxf3 Bxh4 27. Bg4 Bxg3
28. fxg3 Kh8 29. Rxe6 Qg5 30. Qxg5 hxg5 31. Rg6 Rce8 32. Rxg5 Re3 33. Bf3 Rxb3
34. Bxd5 Nxd5 35. Rxd5 Rb2 36. Rh5+ Kg8 37. d5 Nb4 38. d6 Rd2 39. g4 Nd3 40.
Rf1 Nf4 41. Rf5 Rxg2+ 42. Kh1 Rxg4 43. d7 Rh4+ 44. Kg1 Rg4+ 45. Kf2 Ne6 46.
Rxf8+ Kxf8 47. Re1 Ke7 48. Rxe6+ 1/2-1/2

[Event "HEM 2006 M"]
[Site "Marburg"]
[Date "2006.04.11"]
[Round "4.6"]
[White "Wahedi, Ahmad Siar"]
[Black "Feldtmann, Thomas"]
[Result "1/2-1/2"]
[WhiteElo "2283"]
[BlackElo "2283"]
[PlyCount "120"]
[EventDate "2006.04.08"]
[EventType "swiss"]
[EventCountry "GER"]

1. e4 d6 2. Nc3 g6 3. g3 Bg7 4. Bg2 c5 5. d3 Nc6 6. Be3 Nf6 7. h3 O-O 8. Nge2
Ne8 9. d4 cxd4 10. Nxd4 f5 11. exf5 gxf5 12. Bd5+ Kh8 13. Ne6 Bxe6 14. Bxe6 Nc7
15. Bb3 d5 16. Nxd5 Nxd5 17. Qxd5 Bxb2 18. Rb1 Bc3+ 19. Ke2 Qe8 20. Qc4 Bg7 21.
Ba4 Ne5 22. Bxe8 Nxc4 23. Bd7 Nxe3 24. fxe3 b6 25. Rhf1 Be5 26. Rf3 Rad8 27.
Rd1 Rf6 28. Rd3 e6 29. g4 fxg4 30. hxg4 Kg7 31. Rh3 h6 32. Rh5 Bc7 33. g5 hxg5
34. Rxg5+ Kf7 35. Bc6 Rf5 36. Rg4 Rxd3 37. cxd3 e5 38. Be4 Rf6 39. Rh4 Ke7 40.
d4 exd4 41. exd4 Bg3 42. Rg4 Bc7 43. Kd3 Rf4 44. Rg6 Rf6 45. Rg8 Rf8 46. Rg2
Rf4 47. Bd5 Kd6 48. Bb3 Bd8 49. Ke3 Rf6 50. Rg7 Be7 51. Ke4 Rh6 52. Kd3 Rf6 53.
Kc4 Rf4 54. Kb5 Rxd4 55. Ka6 Re4 56. Kxa7 Kc7 57. Rg1 Re5 58. Rc1+ Bc5 59. Ka6
Kb8 60. Rh1 Be3 1/2-1/2

[Event "HEM 2006 M"]
[Site "Marburg"]
[Date "2006.04.11"]
[Round "4.7"]
[White "Hamann, Jörg"]
[Black "Bennemann, Ingmar"]
[Result "1-0"]
[WhiteElo "2171"]
[BlackElo "2098"]
[PlyCount "129"]
[EventDate "2006.04.08"]
[EventType "swiss"]
[EventCountry "GER"]

1. d4 Nf6 2. Nf3 g6 3. c4 Bg7 4. Nc3 d5 5. cxd5 Nxd5 6. e4 Nxc3 7. bxc3 c5 8.
Rb1 O-O 9. Be2 Nd7 10. O-O Nf6 11. Bd3 Qc7 12. h3 Rd8 13. Re1 b6 14. Qe2 Bb7
15. Bd2 e6 16. Rbd1 Rac8 17. Bg5 h6 18. Bh4 Re8 19. Bg3 Qe7 20. Be5 c4 21. Bb1
b5 22. Nh2 a5 23. f4 b4 24. Qf2 Red8 25. f5 gxf5 26. exf5 Nd5 27. Ng4 Qg5 28.
fxe6 f5 29. Qxf5 Qxf5 30. Bxf5 Ne7 31. Bc2 Bd5 32. Nf6+ Bxf6 33. Bxf6 Rc7 34.
Re5 b3 35. Bb1 Rb7 36. a3 Rd6 37. Rde1 Kf8 38. R1e3 Rbb6 39. Kh2 Bxe6 40. Bxe7+
Kxe7 41. d5 Kf7 42. Rxe6 Rxe6 43. Rxe6 Rb5 44. Rxh6 Rxd5 45. Rc6 Rd1 46. Be4
Ra1 47. Bd5+ Kg7 48. Bxc4 Rxa3 49. Bxb3 Rxb3 50. Ra6 Rxc3 51. Rxa5 Kh6 52. Rf5
Ra3 53. Rf3 Ra2 54. h4 Kh5 55. Kh3 Ra1 56. Rb3 Rg1 57. g4+ Kg6 58. Rb6+ Kg7 59.
h5 Kh7 60. Kh4 Ra1 61. Rb7+ Kg8 62. h6 Rh1+ 63. Kg5 Rg1 64. Kh5 Kh8 65. g5 1-0

[Event "HEM 2006 M"]
[Site "Marburg"]
[Date "2006.04.11"]
[Round "5.1"]
[White "Koller, Jens"]
[Black "Kersten, Uwe"]
[Result "1/2-1/2"]
[WhiteElo "2257"]
[BlackElo "2325"]
[PlyCount "44"]
[EventDate "2006.04.08"]
[EventType "swiss"]
[EventCountry "GER"]

1. e4 c5 2. Nf3 d6 3. d4 cxd4 4. Nxd4 Nf6 5. Nc3 a6 6. Bg5 e6 7. f4 Qb6 8. Qd2
Qxb2 9. Nb3 Nbd7 10. Bxf6 gxf6 11. Be2 Nc5 12. O-O Bd7 13. Nxc5 Qb6 14. Kh1
Qxc5 15. f5 h5 16. fxe6 fxe6 17. e5 Qxe5 18. Rae1 Qa5 19. Bc4 O-O-O 20. Bxe6
Bxe6 21. Rxe6 d5 22. Qd3 Bb4 1/2-1/2

[Event "HEM 2006 M"]
[Site "Marburg"]
[Date "2006.04.11"]
[Round "5.2"]
[White "Kunin, Vitaly"]
[Black "Kuhn, Ulf"]
[Result "1-0"]
[WhiteElo "2510"]
[BlackElo "2123"]
[PlyCount "51"]
[EventDate "2006.04.08"]
[EventType "swiss"]
[EventCountry "GER"]

1. d4 f5 2. Nc3 Nf6 3. Bg5 d5 4. f3 Nc6 5. Qd2 Be6 6. O-O-O h6 7. Bh4 Qd7 8. e4
fxe4 9. fxe4 Bg4 10. Be2 dxe4 11. d5 Ne5 12. Bg3 Qf5 13. Nb5 Kf7 14. Nd4 Qh5
15. Rf1 Bxe2 16. Ngxe2 Nc4 17. Qc3 Nd6 18. Nf4 Qg4 19. Nde6 Rc8 20. Qb3 g5 21.
h3 Qf5 22. Nd3 Qh7 23. Ne5+ Kg8 24. h4 gxh4 25. Bxh4 Nf5 26. d6 1-0

[Event "HEM 2006 M"]
[Site "Marburg"]
[Date "2006.04.11"]
[Round "5.3"]
[White "Lisanti, Andre"]
[Black "Alber, Horst"]
[Result "0-1"]
[WhiteElo "2295"]
[BlackElo "2394"]
[PlyCount "80"]
[EventDate "2006.04.08"]
[EventType "swiss"]
[EventCountry "GER"]

1. e4 g6 2. d4 Bg7 3. Nf3 d6 4. Bc4 a6 5. Qe2 e6 6. Bg5 Ne7 7. Nc3 h6 8. Bxe7
Qxe7 9. e5 Nd7 10. O-O-O O-O 11. h4 b5 12. Bd3 Bb7 13. Be4 d5 14. Bd3 c5 15.
dxc5 Qxc5 16. Rde1 Rfc8 17. Kb1 b4 18. Nd1 a5 19. h5 g5 20. Ne3 a4 21. Ng4 a3
22. Qe3 axb2 23. Qxc5 Nxc5 24. Kxb2 Ra3 25. Bb5 Rca8 26. Ra1 R8a5 27. Nd4 Ne4
28. Bc6 Nxf2 29. Nf6+ Bxf6 30. exf6 Nxh1 31. Bxb7 Ng3 32. Nc6 Rb5 33. Ne7+ Kf8
34. Bc6 Rc5 35. c4 Rxc4 36. Re1 Nxh5 37. Nxd5 Rxc6 38. Nxb4 Raa6 39. Nxc6 Rxc6
40. Rh1 Nxf6 0-1

[Event "HEM 2006 M"]
[Site "Marburg"]
[Date "2006.04.11"]
[Round "5.4"]
[White "Ortmann, David"]
[Black "Geske, Julian"]
[Result "1/2-1/2"]
[WhiteElo "2303"]
[BlackElo "2140"]
[PlyCount "123"]
[EventDate "2006.04.08"]
[EventType "swiss"]
[EventCountry "GER"]

1. Nf3 Nf6 2. c4 g6 3. Nc3 Bg7 4. e4 d6 5. d4 O-O 6. Be2 e5 7. O-O Nc6 8. d5
Ne7 9. b4 Nh5 10. Re1 f5 11. Ng5 Nf6 12. Bf3 c6 13. Be3 cxd5 14. cxd5 h6 15.
Ne6 Bxe6 16. dxe6 fxe4 17. Nxe4 Nxe4 18. Bxe4 d5 19. Bc2 b6 20. Qg4 Rf6 21.
Rad1 Qd6 22. Bb3 Rd8 23. b5 Qxe6 24. Qa4 Qd7 25. Bc1 Rf5 26. Ba3 Kh7 27. Bxe7
Qxe7 28. Bxd5 Qc5 29. Bf3 Rxd1 30. Qxd1 Qxb5 31. h4 Kh8 32. Be4 Rf6 33. Qd8+
Rf8 34. Qd2 Qe8 35. Re3 h5 36. Rg3 Rf6 37. Qg5 Qf8 38. Bxg6 Rxf2 39. Qxh5+ Bh6
40. Qxe5+ Qf6 41. Qe8+ Bf8 42. Qd7 Bg7 43. Bd3 Rxa2 44. Qe8+ Bf8 45. Qe4 Ra1+
46. Kh2 Qe7 47. Qg6 Qg7 48. Qh5+ Qh6 49. Qe5+ Bg7 50. Qe8+ Bf8 51. Bc4 Qf6 52.
Rg8+ Kh7 53. Qe4+ Kh6 54. Qe3+ Kh7 55. Qe4+ Kh6 56. Qe3+ Kh7 57. Rg5 Ra5 58.
Qe4+ Kh6 59. Rg4 Qe5+ 60. Qxe5 Rxe5 61. Rd4 Bc5 62. Kg1 1/2-1/2

[Event "HEM 2006 M"]
[Site "Marburg"]
[Date "2006.04.11"]
[Round "5.5"]
[White "Wahedi, Ahmad Siar"]
[Black "Bewersdorff, Oliver"]
[Result "1/2-1/2"]
[WhiteElo "2283"]
[BlackElo "2297"]
[PlyCount "89"]
[EventDate "2006.04.08"]
[EventType "swiss"]
[EventCountry "GER"]

1. e4 e5 2. Nf3 Nf6 3. Nxe5 d6 4. Nf3 Nxe4 5. Nc3 Nxc3 6. dxc3 Be7 7. Bf4 O-O
8. Qd2 Nd7 9. O-O-O Nc5 10. Rg1 c6 11. Bxd6 Bxd6 12. Qxd6 Qxd6 13. Rxd6 Ne4 14.
Rd4 Nxf2 15. h3 Re8 16. Ng5 h6 17. Nxf7 Be6 18. Nd6 Re7 19. Ne4 Rf8 20. Nxf2
Rxf2 21. Bd3 Kf7 22. Rf1 Rxf1+ 23. Bxf1 g5 24. Kd2 c5 25. Rd8 Rd7+ 26. Rxd7+
Bxd7 27. g3 Kf6 28. h4 gxh4 29. gxh4 Ke5 30. Ke3 b6 31. Bd3 Bc6 32. Bh7 Bd5 33.
a3 Bc6 34. Bg6 Bb7 35. Bh5 Be4 36. Bd1 Bg6 37. c4 Be4 38. c3 Bc6 39. b4 Bb7 40.
Bg4 Ba6 41. b5 Bb7 42. Bd7 Be4 43. Bc6 Bf5 44. Bd5 Bg4 45. Bg8 1/2-1/2

[Event "HEM 2006 M"]
[Site "Marburg"]
[Date "2006.04.11"]
[Round "5.6"]
[White "Hamann, Jörg"]
[Black "Malek, Daniel"]
[Result "0-1"]
[WhiteElo "2171"]
[BlackElo "2322"]
[PlyCount "106"]
[EventDate "2006.04.08"]
[EventType "swiss"]
[EventCountry "GER"]

1. d4 e6 2. Nf3 Nf6 3. e3 b6 4. Bd3 Bb7 5. Nbd2 c5 6. O-O cxd4 7. exd4 Be7 8.
c3 O-O 9. Re1 d6 10. Ng5 Re8 11. Ndf3 Nbd7 12. Bd2 h6 13. Ne4 a6 14. Ng3 Bf8
15. h3 e5 16. dxe5 dxe5 17. Bc4 Qc7 18. Bb3 Rad8 19. Qe2 e4 20. Nd4 Ne5 21. Bf4
Bd6 22. Ngf5 Nf3+ 23. Nxf3 Bxf4 24. N3d4 g6 25. Ne3 Be5 26. Red1 Nh5 27. Rd2
Nf4 28. Qg4 Kh7 29. Bc2 f5 30. Qd1 Rd6 31. Qe1 Qd8 32. Rad1 Qg5 33. Kh1 Red8
34. Qf1 b5 35. Nb3 Ne6 36. Rxd6 Rxd6 37. Rxd6 Bxd6 38. Na5 Ba8 39. Bb3 Qf4 40.
g3 Qe5 41. Bxe6 Qxe6 42. Nb3 f4 43. gxf4 Qf6 44. Nd4 Qxf4 45. Qg2 Bb7 46. Ne2
Qf7 47. Ng3 Qxa2 48. h4 Qb1+ 49. Kh2 Qxb2 50. h5 gxh5 51. Kg1 Qc1+ 52. Nef1 Qg5
53. Qh3 Qg4 0-1

[Event "HEM 2006 M"]
[Site "Marburg"]
[Date "2006.04.11"]
[Round "5.7"]
[White "Feldtmann, Thomas"]
[Black "Bennemann, Ingmar"]
[Result "1/2-1/2"]
[WhiteElo "2283"]
[BlackElo "2098"]
[PlyCount "47"]
[EventDate "2006.04.08"]
[EventType "swiss"]
[EventCountry "GER"]

1. c4 Nf6 2. Nc3 d5 3. cxd5 Nxd5 4. Nf3 Nxc3 5. dxc3 Qxd1+ 6. Kxd1 f6 7. e4 e5
8. Be3 Be6 9. Kc2 Nd7 10. Nd2 Bc5 11. Bxc5 Nxc5 12. b4 Nd7 13. Bc4 Ke7 14. Rhd1
Rhd8 15. Bxe6 Kxe6 16. Nc4 b6 17. Rd3 Nf8 18. Rad1 Ke7 19. Ne3 Ne6 20. Kb3 Rxd3
21. Rxd3 Rd8 22. Rxd8 Kxd8 23. Kc4 c6 24. f3 1/2-1/2

[Event "HEM 2006 M"]
[Site "Marburg"]
[Date "2006.04.12"]
[Round "6.1"]
[White "Alber, Horst"]
[Black "Kunin, Vitaly"]
[Result "0-1"]
[WhiteElo "2394"]
[BlackElo "2510"]
[PlyCount "52"]
[EventDate "2006.04.08"]
[EventType "swiss"]
[EventCountry "GER"]

1. d4 d5 2. c4 dxc4 3. e3 e5 4. Bxc4 exd4 5. exd4 Bd6 6. Nf3 Nf6 7. O-O O-O 8.
Bg5 h6 9. Bh4 Nc6 10. Qc2 Bg4 11. Nbd2 Bb4 12. Qg6 Ne7 13. Qd3 Bxd2 14. Bxf6
Bxf3 15. Qxd2 Bh5 16. Rfe1 Re8 17. Re3 Bg6 18. Rh3 h5 19. Bg5 Qd7 20. Bxe7 Rxe7
21. Re3 Rd8 22. Qb4 Rxe3 23. fxe3 Qe8 24. Qe1 Qe4 25. Qg3 c5 26. Qg5 Rd7 0-1

[Event "HEM 2006 M"]
[Site "Marburg"]
[Date "2006.04.12"]
[Round "6.3"]
[White "Geske, Julian"]
[Black "Koller, Jens"]
[Result "1/2-1/2"]
[WhiteElo "2140"]
[BlackElo "2257"]
[PlyCount "83"]
[EventDate "2006.04.08"]
[EventType "swiss"]
[EventCountry "GER"]

1. e4 c5 2. Nf3 e6 3. Nc3 Nc6 4. d4 cxd4 5. Nxd4 d6 6. g3 a6 7. Bg2 Nge7 8. Nb3
Bd7 9. a4 Nc8 10. O-O Be7 11. Be3 O-O 12. Qe2 Qc7 13. a5 Rb8 14. Rfd1 Ne5 15.
Bf1 b5 16. axb6 Nxb6 17. Bxb6 Rxb6 18. Rxa6 Rc8 19. h3 Rb4 20. Ra2 Nc4 21. Nb1
Bf6 22. Qe1 Rcb8 23. Bxc4 Rxc4 24. Qd2 Rxe4 25. Qxd6 Re1+ 26. Kh2 Qxd6 27. Rxd6
Rxb1 28. Rxd7 Rxb2 29. Rxb2 Bxb2 30. Nd4 g6 31. Nc6 Rb6 32. Nd8 f5 33. Rb7 Rxb7
34. Nxb7 Kf7 35. Kg2 Ke7 36. Kf3 Bc3 37. Nc5 Kd6 38. Nd3 Bf6 39. g4 e5 40. Ke2
Kd5 41. gxf5 gxf5 42. f3 1/2-1/2

[Event "HEM 2006 M"]
[Site "Marburg"]
[Date "2006.04.12"]
[Round "6.4"]
[White "Malek, Daniel"]
[Black "Wahedi, Ahmad Siar"]
[Result "0-1"]
[WhiteElo "2322"]
[BlackElo "2283"]
[PlyCount "38"]
[EventDate "2006.04.08"]
[EventType "swiss"]
[EventCountry "GER"]

1. d4 d5 2. c4 c6 3. Nf3 Nf6 4. Nc3 dxc4 5. a4 Bf5 6. Ne5 Nbd7 7. Nxc4 Nb6 8.
Ne5 Nbd7 9. Qb3 Nxe5 10. dxe5 Ng4 11. Qxb7 Nxe5 12. Bf4 Rb8 13. Qxa7 Rxb2 14.
Rd1 Nd7 15. e4 e5 16. Bxe5 Bc5 17. Qxc5 Nxc5 18. Rxd8+ Kxd8 19. exf5 (19. Bxg7
Re8 20. f3) 19... Re8 0-1

[Event "HEM 2006 M"]
[Site "Marburg"]
[Date "2006.04.12"]
[Round "6.5"]
[White "Kuhn, Ulf"]
[Black "Feldtmann, Thomas"]
[Result "1/2-1/2"]
[WhiteElo "2123"]
[BlackElo "2283"]
[PlyCount "91"]
[EventDate "2006.04.08"]
[EventType "swiss"]
[EventCountry "GER"]

1. c4 f5 2. g3 Nf6 3. Bg2 g6 4. Nc3 Bg7 5. Nf3 O-O 6. O-O d6 7. d3 Nc6 8. Rb1
a5 9. a3 Nh5 10. e3 e5 11. Nd5 Ne7 12. b4 axb4 13. axb4 Nxd5 14. cxd5 Bd7 15.
b5 Ra5 16. b6 cxb6 17. Bd2 Ra6 18. Bb4 f4 19. Nd2 fxe3 20. fxe3 Nf6 21. Qe2 Ra2
22. Ra1 Bg4 23. Qe1 Rxa1 24. Qxa1 Be2 25. Rc1 Bh6 26. Nc4 Bxd3 27. Qa3 e4 28.
Bxd6 b5 29. Bxf8 Bxf8 30. Qa5 Qxd5 31. Nb6 Qg5 32. Qa2+ Kg7 33. Rc7+ Kh6 34.
Qf2 Bd6 35. h4 Qxg3 36. Qxg3 Bxg3 37. Rxb7 Bxh4 38. Bh3 Bg5 39. Kf2 Bh4+ 40.
Kg2 Bg5 41. Kf2 Kh5 42. Be6 Bh4+ 43. Kg2 Be1 44. Nd5 Nxd5 45. Rxh7+ Kg5 46.
Bxd5 1/2-1/2

[Event "HEM 2006 M"]
[Site "Marburg"]
[Date "2006.04.12"]
[Round "6.6"]
[White "Bennemann, Ingmar"]
[Black "Ortmann, David"]
[Result "0-1"]
[WhiteElo "2098"]
[BlackElo "2303"]
[PlyCount "72"]
[EventDate "2006.04.08"]
[EventType "swiss"]
[EventCountry "GER"]

1. d4 d5 2. c4 c6 3. Nc3 Nf6 4. Bg5 dxc4 5. a4 Qa5 6. Bd2 e5 7. Nf3 exd4 8.
Nxd4 Qc5 9. e3 Be7 10. Rc1 Nbd7 11. Bxc4 Qg5 12. O-O Nb6 13. f4 Qg4 14. Be2 Qd7
15. Bd3 a5 16. Ne4 O-O 17. Qc2 h6 18. Rcd1 Nbd5 19. Qb3 Qd8 20. Nf3 Qb6 21.
Qxb6 Nxb6 22. Nc3 Rd8 23. Bc1 Be6 24. Nd4 Bc4 25. Bxc4 Nxc4 26. b3 Nb6 27. h3
Bb4 28. Nde2 Re8 29. Rd3 Nbd7 30. e4 Nc5 31. Re3 Nfxe4 32. Nxe4 Nxe4 33. Kh2
Rad8 34. Rff3 f5 35. Bb2 Nd2 36. Rxe8+ Rxe8 0-1

[Event "HEM 2006 M"]
[Site "Marburg"]
[Date "2006.04.12"]
[Round "6.7"]
[White "Lisanti, Andre"]
[Black "Hamann, Jörg"]
[Result "1-0"]
[WhiteElo "2295"]
[BlackElo "2171"]
[PlyCount "79"]
[EventDate "2006.04.08"]
[EventType "swiss"]
[EventCountry "GER"]

1. e4 d6 2. d4 Nf6 3. Nc3 g6 4. f4 Bg7 5. Nf3 c5 6. dxc5 Qa5 7. Bb5+ Bd7 8. Bd3
Qxc5 9. Qe2 O-O 10. Be3 Qb4 11. O-O Qxb2 12. Nd5 Nxd5 13. exd5 b6 14. Qf2 e6
15. dxe6 fxe6 16. Ng5 Qf6 17. Rad1 Nc6 18. Qg3 d5 19. Qh3 h6 20. Nf3 Nb4 21.
Ne5 Be8 22. Ng4 Qe7 23. Nxh6+ Bxh6 24. Qxh6 Nxd3 25. cxd3 Qg7 26. Qh3 Bd7 27.
Qg3 Rac8 28. Rf2 Rf5 29. Bc1 Rcf8 30. Bb2 d4 31. Ba3 R8f7 32. Bd6 Qh6 33. Be5
Ba4 34. Rdd2 Kh7 35. h4 Rh5 36. Qh2 Rxh4 37. g3 Rh5 38. g4 Rxf4 (38... Rxh2 39.
Rxh2 g5) 39. Bxf4 Rxh2 40. Rxh2 1-0

[Event "HEM 2006 M"]
[Site "Marburg"]
[Date "2006.04.13"]
[Round "7.1"]
[White "Kunin, Vitaly"]
[Black "Ortmann, David"]
[Result "1-0"]
[WhiteElo "2510"]
[BlackElo "2303"]
[PlyCount "79"]
[EventDate "2006.04.08"]
[EventType "swiss"]
[EventCountry "GER"]

1. d4 d5 2. Nf3 Nf6 3. c4 c6 4. Nc3 dxc4 5. a4 Bf5 6. Ne5 Nbd7 7. Nxc4 Qc7 8.
g3 e5 9. dxe5 Nxe5 10. Bf4 Nfd7 11. Bg2 g5 12. Bxe5 Nxe5 13. Qd4 f6 14. O-O Be7
15. Ne3 Be6 16. a5 a6 17. Qe4 O-O 18. Nf5 Bc5 19. Qc2 Rad8 20. Be4 Nc4 21. Nh6+
Kh8 22. Bf5 Qe5 23. Ne4 Ba7 24. Rad1 Kg7 25. Bxe6 Qxe6 26. Nf5+ Qxf5 27. Rxd8
Rxd8 28. Qxc4 Qxa5 29. Qe6 Qe5 30. Nxg5 Qc7 31. Ne4 Qe5 32. Ng5 Qc7 33. Nf3 Qd7
34. Qb3 b5 35. Ra1 Qb7 36. Ra4 c5 37. Rg4+ Kh8 38. Qe6 Rf8 39. Ne5 Bb8 40. Nd7
1-0

[Event "HEM 2006 M"]
[Site "Marburg"]
[Date "2006.04.13"]
[Round "7.2"]
[White "Koller, Jens"]
[Black "Wahedi, Ahmad Siar"]
[Result "1-0"]
[WhiteElo "2257"]
[BlackElo "2283"]
[PlyCount "67"]
[EventDate "2006.04.08"]
[EventType "swiss"]
[EventCountry "GER"]

1. e4 e6 2. d4 d5 3. Nc3 Nf6 4. e5 Nfd7 5. Nce2 c5 6. f4 Nc6 7. Nf3 Qb6 8. c3
cxd4 9. Nexd4 f6 10. g3 fxe5 11. fxe5 Nc5 12. Bh3 Be7 13. O-O O-O 14. Bg5 Bd7
15. Bxe7 Nxe7 16. Qe2 Ne4 17. Qe3 Ng6 18. Rae1 Rae8 19. c4 Bc8 20. b3 Rf7 21.
Bg4 Nf8 22. Kg2 Rc7 23. Nb5 Rc5 24. Ng5 Nxg5 25. Nd6 dxc4 26. Nxe8 Nf7 27. Rxf7
Kxf7 28. Nd6+ Kg8 29. Nxc4 Qc7 30. Rf1 Bd7 31. Kg1 Bb5 32. Qf2 Qe7 33. Qxf8+
Qxf8 34. Bxe6+ 1-0

[Event "HEM 2006 M"]
[Site "Marburg"]
[Date "2006.04.13"]
[Round "7.3"]
[White "Kersten, Uwe"]
[Black "Geske, Julian"]
[Result "1/2-1/2"]
[WhiteElo "2325"]
[BlackElo "2140"]
[PlyCount "167"]
[EventDate "2006.04.08"]
[EventType "swiss"]
[EventCountry "GER"]

1. e4 e5 2. Nf3 Nc6 3. Bb5 a6 4. Ba4 Nf6 5. O-O Nxe4 6. d4 b5 7. Bb3 d5 8. dxe5
Be6 9. Nbd2 Be7 10. c3 Nc5 11. Bc2 d4 12. cxd4 Nxd4 13. Nxd4 Qxd4 14. Nf3 Qxd1
15. Rxd1 O-O 16. Ng5 h6 17. Bh7+ Kh8 18. Nxe6 Nxe6 19. Be4 Rad8 20. Be3 c5 21.
Kf1 Kg8 22. f4 c4 23. Ke2 Nc5 24. Bc2 Rfe8 25. Rxd8 Rxd8 26. Rd1 Rxd1 27. Kxd1
a5 28. Kd2 b4 29. g3 a4 30. Bd4 b3 31. Bb1 bxa2 32. Bxa2 Nb3+ 33. Bxb3 cxb3 34.
Kc3 g6 35. Kc4 h5 36. Bc3 a3 37. bxa3 Bxa3 38. Kxb3 Bc1 39. Bd4 Bd2 40. Kc2 Bb4
41. Kd3 Kf8 42. Ke4 Bd2 43. Kd5 h4 44. Bc5+ Ke8 45. Ke4 hxg3 46. hxg3 Be1 47.
g4 Bd2 48. Be3 Bc3 49. f5 gxf5+ 50. gxf5 Kd7 51. Kd5 Bb2 52. Bh6 Bc3 53. Bf8
Ba1 54. Bg7 Ke7 55. Bf6+ Ke8 56. Bg5 Kd7 57. Be3 Bc3 58. Bd4 Bd2 59. Ke4 Be1
60. Kf3 Ke7 61. Kg4 Bd2 62. Kh5 Bf4 63. Bc5+ Ke8 64. Bd6 Be3 65. Kg4 Bd2 66.
Bc5 Bc3 67. Kf4 Kd7 68. Be3 Bb2 69. Ke4 Bc3 70. Bf4 Bb2 71. Kf3 Bc3 72. Kg4 Ke7
73. Kh5 Bd4 74. Kh6 Bc3 75. Kg7 Bd4 76. Kg8 Bc3 77. Bg3 Bd4 78. Bh2 Bb2 79. Bf4
Bc3 80. Bg5+ Ke8 81. Bf6 Bd4 82. Bg7 Bc3 83. f6 Bxe5 84. Bh8 1/2-1/2

[Event "HEM 2006 M"]
[Site "Marburg"]
[Date "2006.04.13"]
[Round "7.4"]
[White "Kuhn, Ulf"]
[Black "Lisanti, Andre"]
[Result "0-1"]
[WhiteElo "2123"]
[BlackElo "2295"]
[PlyCount "38"]
[EventDate "2006.04.08"]
[EventType "swiss"]
[EventCountry "GER"]

1. c4 g6 2. g3 Bg7 3. Bg2 c5 4. Nc3 Nc6 5. a3 e6 6. b4 Nge7 7. Rb1 d6 8. e4 O-O
9. Nge2 Rb8 10. O-O b6 11. d3 Bb7 12. Bg5 h6 13. Bf4 Ne5 14. Qd2 Kh7 15. h3 f5
16. Be3 fxe4 17. Nxe4 d5 18. f4 Nf7 19. f5 Nxf5 0-1

[Event "HEM 2006 M"]
[Site "Marburg"]
[Date "2006.04.13"]
[Round "7.5"]
[White "Bennemann, Ingmar"]
[Black "Alber, Horst"]
[Result "0-1"]
[WhiteElo "2098"]
[BlackElo "2394"]
[PlyCount "112"]
[EventDate "2006.04.08"]
[EventType "swiss"]
[EventCountry "GER"]

1. d4 Nf6 2. Nf3 g6 3. Nc3 c5 4. d5 Bg7 5. e4 d6 6. h3 O-O 7. a4 e5 8. Bg5 h6
9. Be3 Na6 10. Qd2 Kh7 11. Be2 Nxe4 12. Nxe4 f5 13. Bxa6 bxa6 14. Nxc5 f4 15.
Ne4 Bf5 16. Ng3 fxe3 17. fxe3 e4 18. Nxf5 Rxf5 19. Nd4 Qh4+ 20. Kd1 Rf2 21. Qe1
Bxd4 22. exd4 Raf8 23. Ra3 Qh5+ 24. Kc1 Qxd5 25. Qe3 Rxg2 26. Rc3 Rf7 27. Re1
g5 28. Kb1 Rf3 29. Rc7+ Kg6 30. Qxe4+ Qxe4 31. Rxe4 Rxh3 32. Re6+ Kf5 33. Rxd6
Rh1+ 34. Ka2 h5 35. Rc5+ Kf4 36. Re5 h4 37. Rf6+ Kg4 38. Rff5 Kh5 39. Rf8 h3
40. Rh8+ Kg4 41. Rg8 Kh5 42. Rh8+ Kg6 43. Rg8+ Kh6 44. Rh8+ Kg7 45. Rh5 Kg6 46.
Rh8 h2 47. Re6+ Kf5 48. Reh6 g4 49. d5 Rd2 50. d6 g3 51. Rh4 Rxd6 52. R8h5+ Ke6
53. Re4+ Kd7 54. Rh7+ Kc6 55. b4 g2 56. Re5 g1=Q 0-1